| 000 | 00439nam a2200157 i 4500 | ||
|---|---|---|---|
| 001 | 128770 | ||
| 003 | ES-MaACL | ||
| 005 | 20230906193346.0 | ||
| 007 | t| | ||
| 008 | 070524s1971 sp ||||1| spa d | ||
| 100 | 1 |
_aTarsis, Valeriy. _9109352 |
|
| 245 | 1 | 0 |
_aSala 7 / _cValeriy Tarsis ; [Traducción de Ramón Margalef]. |
| 260 |
_a[Barcelona] : _bAymá, _c[1971] |
||
| 300 |
_a166 p. ; _c20 cm. |
||
| 852 |
_aES-MaACL _jC-49485 _bR.78245 |
||
| 999 |
_c128770 _d128770 |
||